000 00501nam a2200193 a 4500
001 17431
005 20180713210554.0
008 140415s1988 mx 000 0 spa d
020 _a9682300711
041 _aspa
082 _a301
_bBAS
100 1 _aBASTIDE, ROGER
245 1 0 _aSOCIOLOGIA DE LAS ENFERMEDADES MENTALES
250 _a10A ED.
260 _aMEXICO :
_bSIGLO VEINTIUNO EDITORES,
_c1988
300 _a364
650 1 4 _aSOCIOLOGIA
700 1 _aSUAREZ, ARMANDO
_etr.
999 _c17431
_d17431